[Event "VIE-ch U11"]
[Site "Ho Chi Minh City"]
[Date "2014.07.18"]
[Round "9"]
[White "Nguyen, Anh Phuc"]
[Black "Tran, Kiem Gia Hung"]
[Result "1-0"]
[WhiteElo "1936"]
[BlackElo "1977"]
[PlyCount "251"]
[EventDate "2014.07.13"]
[EventType "swiss"]
[EventRounds "9"]
[EventCountry "VIE"]
[SourceTitle "EXT 2016"]
[Source "ChessBase"]
[SourceDate "2015.10.08"]
[SourceVersion "1"]
[SourceVersionDate "2015.10.08"]
[SourceQuality "1"]

1. e4 e5 2. Nf3 d6 3. h3 f5 4. d3 fxe4 5. dxe4 Be7 6. Bc4 Nf6 7. Nc3 Bd7 8. 0-0 Nc6 9. Re1 Na5 10. Qd3 Nxc4 11. Qxc4 a6 12. a4 b5 13. axb5 axb5 14. Rxa8 bxc4 15. Rxd8+ Bxd8 16. Bg5 h6 17. Bxf6 Bxf6 18. Nd5 0-0 19. Nxc7 Rb8 20. Rb1 c3 21. b3 Ba4 22. Rd1 Bc6 23. Nd5 Kf7 24. Nxc3 Rd8 25. Nd5 Bxd5 26. Rxd5 Ke7 27. c4 Rb8 28. Rd3 Ke6 29. g3 Bd8 30. h4 Bb6 31. Kf1 Ra8 32. Ke2 Ra2+ 33. Rd2 Ra3 34. Rb2 Ba5 35. b4 Bb6 36. Nd2 Bd4 37. Rb3 Ra2 38. b5 Bxf2 39. Kxf2 Rxd2+ 40. Kf3 Ra2 41. b6 Ra8 42. b7 Rb8 43. Rb6 Kd7 44. Kg4 Kc7 45. Rb5 Rxb7 46. Rxb7+ Kxb7 47. Kf5 Kc7 48. Kg6 Kc6 49. Kxg7 Kc5 50. Kxh6 Kxc4 51. g4 d5 52. exd5 e4 53. d6 e3 54. d7 e2 55. d8Q e1Q 56. Qc7+ Kb5 57. Qd7+ Kc5 58. Qa7+ Kc4 59. Qa6+ Kb3 60. Qf6 Qe3+ 61. Kh5 Qc5+ 62. Qf5 Qe7 63. Kg6 Qd6+ 64. Kg5 Qe7+ 65. Kh5 Qe8+ 66. Kg5 Qg8+ 67. Qg6 Qd5+ 68. Kh6 Qd2+ 69. g5 Qd8 70. Kg7 Qd4+ 71. Qf6 Qxh4 72. g6 Qb4 73. Qf3+ Ka4 74. Qa8+ Kb3 75. Qg8+ Kc2 76. Kh8 Qd4+ 77. g7 Qe5 78. Qh7+ Kc1 79. Qh1+ Kd2 80. Kh7 Qf5+ 81. Kh8 Qf6 82. Qg1 Kd3 83. Kh7 Qh4+ 84. Kg8 Qh5 85. Qf1+ Ke4 86. Qc4+ Ke3 87. Qe6+ Kd3 88. Kf8 Qc5+ 89. Kf7 Qf2+ 90. Ke7 Qh4+ 91. Qf6 Qe4+ 92. Kf7 Qb7+ 93. Kg6 Qg2+ 94. Qg5 Qc6+ 95. Kh7 Qh1+ 96. Qh6 Qb7 97. Kh8 Qb2 98. Qg6+ Ke3 99. Qg5+ Kd3 100. Qf5+ Ke3 101. Kh7 Qb7 102. Qg5+ Kd3 103. Kh8 Qb2 104. Qd5+ Ke3 105. Qc5+ Kd3 106. Qf5+ Ke3 107. Qh3+ Ke4 108. Qe6+ Kf4 109. Qh3 Kg5 110. Kh7 Qb7 111. Qg3+ Kh5 112. Qg6+ Kh4 113. Kh8 Qb2 114. Kg8 Qb8+ 115. Kh7 Qb7 116. Kh6 Qe7 117. g8Q Qe3+ 118. Qg5+ Qxg5+ 119. Qxg5+ Kh3 120. Kg6 Kh2 121. Kf5 Kh3 122. Kf4 Kh2 123. Kf3 Kh3 124. Qg4+ Kh2 125. Qg3+ Kh1 126. Qg2# 1-0

[Event "VIE-ch U11"]
[Site "Ho Chi Minh City"]
[Date "2014.07.17"]
[Round "8"]
[White "Tran, Kiem Gia Hung"]
[Black "Pham, Cao Ba Thien"]
[Result "0-1"]
[WhiteElo "1977"]
[BlackElo "1925"]
[PlyCount "74"]
[EventDate "2014.07.13"]
[EventType "swiss"]
[EventRounds "9"]
[EventCountry "VIE"]
[SourceTitle "EXT 2016"]
[Source "ChessBase"]
[SourceDate "2015.10.08"]
[SourceVersion "1"]
[SourceVersionDate "2015.10.08"]
[SourceQuality "1"]

1. d4 d5 2. Nf3 Nf6 3. e3 e6 4. Bd3 Bd6 5. Nbd2 0-0 6. 0-0 Nbd7 7. b3 b6 8. Bb2 Bb7 9. c4 c5 10. Rc1 Rc8 11. Bb1 Re8 12. Qc2 h6 13. Ne5 Bxe5 14. dxe5 Ne4 15. f3 Nxd2 16. Qxd2 dxc4 17. Rxc4 Ba6 18. Rg4 Bxf1 19. Kxf1 Nf8 20. Qc1 Ng6 21. Bxg6 fxg6 22. Rxg6 Qd3+ 23. Kg1 Qxg6 24. f4 Rcd8 25. g3 Qd3 26. Qe1 Qd1 27. Bc3 Qxe1+ 28. Bxe1 Rd1 29. Kf1 Ra1 30. h4 Rxa2 31. g4 g5 32. hxg5 hxg5 33. fxg5 Ra1 34. Kf2 Rxe1 35. Kxe1 Kg7 36. Kf2 Kg6 37. Kf3 Kxg5 0-1

[Event "VIE-ch U11"]
[Site "Ho Chi Minh City"]
[Date "2014.07.17"]
[Round "7"]
[White "Tran, Kiem Gia Hung"]
[Black "Tran, Quoc Phong"]
[Result "1/2-1/2"]
[WhiteElo "1977"]
[BlackElo "1937"]
[PlyCount "41"]
[EventDate "2014.07.13"]
[EventType "swiss"]
[EventRounds "9"]
[EventCountry "VIE"]
[SourceTitle "EXT 2016"]
[Source "ChessBase"]
[SourceDate "2015.10.08"]
[SourceVersion "1"]
[SourceVersionDate "2015.10.08"]
[SourceQuality "1"]

1. d4 d5 2. Nf3 e6 3. e3 Nf6 4. Bd3 Be7 5. 0-0 0-0 6. Nbd2 c5 7. b3 Nc6 8. Bb2 Nd7 9. a3 Bf6 10. c4 Qb6 11. dxc5 Qxc5 12. Bxf6 Nxf6 13. cxd5 Qxd5 14. Bc4 Qd7 15. Nb1 Qxd1 16. Rxd1 b6 17. Nc3 Bb7 18. b4 Ne7 19. Ne5 g6 20. h3 Rfe8 21. Nb5 1/2-1/2

[Event "VIE-ch U11"]
[Site "Ho Chi Minh City"]
[Date "2014.07.16"]
[Round "6"]
[White "Nguyen, Thanh Vy"]
[Black "Tran, Kiem Gia Hung"]
[Result "1/2-1/2"]
[WhiteElo "1909"]
[BlackElo "1977"]
[PlyCount "73"]
[EventDate "2014.07.13"]
[EventType "swiss"]
[EventRounds "9"]
[EventCountry "VIE"]
[SourceTitle "EXT 2016"]
[Source "ChessBase"]
[SourceDate "2015.10.08"]
[SourceVersion "1"]
[SourceVersionDate "2015.10.08"]
[SourceQuality "1"]

1. e4 d5 2. exd5 Nf6 3. Nc3 e6 4. dxe6 Bxe6 5. d3 Qe7 6. Be2 Nc6 7. Nf3 Qd7 8. 0-0 Bc5 9. Bg5 Ng4 10. d4 Nxd4 11. Nxd4 Qxd4 12. Qxd4 Bxd4 13. Rad1 Bxc3 14. bxc3 0-0 15. Rfe1 Ne5 16. Bf1 f6 17. Bf4 Bxa2 18. Bxe5 fxe5 19. Rxe5 c6 20. Rd7 Rf7 21. Rd4 Rc7 22. Bc4+ Bxc4 23. Rxc4 Rd8 24. h3 b5 25. Rxb5 Rd1+ 26. Kh2 cxb5 27. Rxc7 Rc1 28. c4 Rxc2 29. Rxa7 Rxc4 30. Rb7 Rc2 31. Rxb5 Rxf2 32. Rb3 h6 33. Rf3 Rxf3 34. gxf3 Kf7 35. Kg3 Kf6 36. Kg4 Kg6 37. f4 1/2-1/2

[Event "VIE-ch U11"]
[Site "Ho Chi Minh City"]
[Date "2014.07.15"]
[Round "4"]
[White "Nguyen, Dinh Thanh"]
[Black "Tran, Kiem Gia Hung"]
[Result "1-0"]
[WhiteElo "1928"]
[BlackElo "1977"]
[PlyCount "77"]
[EventDate "2014.07.13"]
[EventType "swiss"]
[EventRounds "9"]
[EventCountry "VIE"]
[SourceTitle "EXT 2016"]
[Source "ChessBase"]
[SourceDate "2015.10.08"]
[SourceVersion "1"]
[SourceVersionDate "2015.10.08"]
[SourceQuality "1"]

1. e4 d5 2. exd5 Nf6 3. c4 e6 4. dxe6 Bxe6 5. Nf3 Qe7 6. Qe2 Nc6 7. Nc3 0-0-0 8. d3 g6 9. Be3 b6 10. g3 Bg7 11. Bg2 Qd7 12. Rd1 Ng4 13. 0-0 Nxe3 14. fxe3 Bxc3 15. bxc3 f6 16. d4 Bh3 17. c5 Bxg2 18. Kxg2 g5 19. Nd2 Rdf8 20. Nb3 Nb8 21. e4 h5 22. h3 h4 23. g4 bxc5 24. Nxc5 Qc6 25. Qf3 Nd7 26. Qf5 Kd8 27. Ne6+ Ke7 28. Nxf8 Nxf8 29. Qc5+ Qd6 30. Qxd6+ cxd6 31. c4 Ne6 32. Rd2 Nf4+ 33. Kh2 Rc8 34. Rc1 d5 35. exd5 Nxd5 36. Re1+ Ne3 37. Rxe3+ Kf7 38. c5 Rxc5 39. dxc5 1-0

[Event "VIE-ch U11"]
[Site "Ho Chi Minh City"]
[Date "2014.07.14"]
[Round "3"]
[White "Tran, Kiem Gia Hung"]
[Black "Huynh, Phuong Quang"]
[Result "1-0"]
[WhiteElo "1977"]
[BlackElo "1933"]
[PlyCount "103"]
[EventDate "2014.07.13"]
[EventType "swiss"]
[EventRounds "9"]
[EventCountry "VIE"]
[SourceTitle "EXT 2016"]
[Source "ChessBase"]
[SourceDate "2015.10.08"]
[SourceVersion "1"]
[SourceVersionDate "2015.10.08"]
[SourceQuality "1"]

1. d4 c6 2. Nf3 Nf6 3. e3 e6 4. Bd3 Be7 5. Nbd2 0-0 6. 0-0 d6 7. b3 Re8 8. c4 c5 9. Bb2 Nc6 10. Rc1 b6 11. Bb1 d5 12. Qc2 g6 13. Ne5 Bb7 14. Nxc6 Bxc6 15. dxc5 Bxc5 16. Rfd1 d4 17. exd4 Bxd4 18. Bxd4 Qxd4 19. Nf3 Qg4 20. Rd4 Be4 21. Rxe4 Nxe4 22. Qxe4 Qxe4 23. Bxe4 Rac8 24. g3 b5 25. Rc2 f5 26. Bb7 Rc7 27. Ba6 bxc4 28. Rxc4 Rce7 29. Ne5 Kg7 30. f4 Rd8 31. Rc1 Rd6 32. Bc4 Kf6 33. Nd3 h5 34. Nc5 e5 35. fxe5+ Rxe5 36. Nd3 Re7 37. Rb1 a5 38. b4 Rb6 39. Nf4 Re5 40. Nd5+ Rxd5 41. Bxd5 axb4 42. a3 Ke5 43. Bg8 f4 44. gxf4+ Kxf4 45. Rxb4+ Rxb4 46. axb4 Ke5 47. Bf7 g5 48. Bxh5 Kd4 49. Be8 Kd5 50. b5 Kc5 51. Kg2 Kd6 52. Kg3 1-0

[Event "VIE-ch U11"]
[Site "Ho Chi Minh City"]
[Date "2014.07.13"]
[Round "2"]
[White "Luong, Vinh Thieu"]
[Black "Tran, Kiem Gia Hung"]
[Result "1-0"]
[WhiteElo "1923"]
[BlackElo "1977"]
[PlyCount "139"]
[EventDate "2014.07.13"]
[EventType "swiss"]
[EventRounds "9"]
[EventCountry "VIE"]
[SourceTitle "EXT 2016"]
[Source "ChessBase"]
[SourceDate "2015.10.08"]
[SourceVersion "1"]
[SourceVersionDate "2015.10.08"]
[SourceQuality "1"]

1. e4 d5 2. exd5 Nf6 3. c4 e6 4. dxe6 Bxe6 5. Nf3 Qe7 6. Be2 Bxc4 7. Nc3 Nc6 8. 0-0 Bxe2 9. Nxe2 0-0-0 10. Re1 Qd6 11. h3 Qc5 12. d4 Qc4 13. b3 Qa6 14. Be3 Bb4 15. Bd2 Bxd2 16. Qxd2 Ne4 17. Qc2 Nd6 18. a3 Rde8 19. b4 Rd8 20. Red1 g6 21. Nc3 Nb5 22. Nxb5 Qxb5 23. Qc3 Rhe8 24. Rd2 Re2 25. Rad1 Rxd2 26. Rxd2 Qb6 27. d5 Ne7 28. Qe5 Rg8 29. Qxe7 Qd6 30. Qxf7 Rf8 31. Qxh7 Qf6 32. Qh4 Qa1+ 33. Kh2 Qxa3 34. Qc4 Qa6 35. Qxa6 bxa6 36. Nh4 Rg8 37. Kg3 g5 38. Nf5 Kb7 39. d6 cxd6 40. Rxd6 Rf8 41. Kg4 Rg8 42. g3 Rh8 43. h4 gxh4 44. gxh4 Rg8+ 45. Kh5 Rc8 46. Kg6 Rc4 47. Rd7+ Kb6 48. h5 Rxb4 49. h6 Rg4+ 50. Kf6 Rg8 51. h7 Rf8+ 52. Ke6 Re8+ 53. Kf7 Re5 54. h8Q Rxf5+ 55. Ke7 Rc5 56. Rd6+ Kb5 57. Qb2+ Ka5 58. Rd5 Rb5 59. Qa3+ Kb6 60. f4 Rb1 61. f5 Re1+ 62. Kd6 Rb1 63. Qc5+ Kb7 64. Qc7+ Ka8 65. Qc8+ Rb8 66. Kc7 Rxc8+ 67. Kxc8 a5 68. f6 a4 69. f7 a3 70. f8Q 1-0